Régions aux pays n°4 - Statistiques

Statistiques générales
  • Ce quiz a été pris 188 fois
  • Le résultat moyen est 11 sur 15
Statistiques - réponses
Region Pays % Correct
Alaska Etats-Unis
100%
Québec Canada
99%
Corse France
98%
Sardaigne Italie
98%
Macao Chine
85%
Basse-Californie Mexique
83%
Uttar Pradesh Inde
78%
La Rioja Espagne
76%
Yukon Canada
75%
Jutland Danemark
63%
Mato Grosso Bresil
62%
Yunnan Chine
61%
Saskatchewan Canada
54%
Îles Turques-et-Caïques Royaume-Uni
53%
île du Sud Nouvelle-Zélande
43%
Aucun quiz correspondant
Distribution des résultats
% des personnes avec chaque résultat
Percentile par nombre de réponses
Votre historique - résultats
Vous n’avez pas pris ce quiz